[Event "Doeberl Cup"]
[Site "Canberra AUS"]
[Date "2008.03.21"]
[Round "3"]
[White "Bjelobrk,I"]
[Black "Kresovic,V"]
[Result "1-0"]
[WhiteElo "2381"]
[BlackElo "2245"]

1.Nf3 c5 2.c4 Nf6 3.Nc3 e6 4.g3 Nc6 5.Bg2 d5 6.cxd5 exd5 7.d4 Be7 8.O-O O-O
9.dxc5 Bxc5 10.Na4 Be7 11.Be3 Re8 12.Nd4 Na5 13.Bf4 a6 14.Rc1 Bd6 15.Bg5 Be7
16.Re1 h6 17.Bf4 Bd6 18.Bxd6 Qxd6 19.Qc2 Bd7 20.Qc5 Nc4 21.Qxd6 Nxd6 22.Nb6 Rad8
23.Nxd5 Nfe4 24.f3 Ng5 25.e4 Nh3+ 26.Bxh3 Bxh3 27.Kf2 Bc8 28.Red1 f6 29.b3 Nf7
30.Rc7 Ne5 31.g4 Kh8 32.Nf5 Rd7 33.Rc3 Nc6 34.Rdc1 Red8 35.Kg3 Rf7 36.h4 Be6
37.Nfe3 Rfd7 38.h5 Bf7 39.Kf2 Kh7 40.a3 Ne5 41.Ke2 Nc6 42.b4 Re8 43.Kf2 Red8
44.Rb1 Ne7 45.Nxe7 Rxe7 46.Ke2 Be8 47.Rd1 Bb5+ 48.Ke1 Red7 49.Rxd7 Rxd7 50.Rc8 g6
51.Nd5 Kg7 52.hxg6 Kxg6 53.Kf2 Bc6 54.Nf4+ Kf7 55.Ke3 Bb5 56.Rh8 Kg7 57.Rb8 Bc4
58.a4 Bf7 59.Nd3 b5 60.axb5 axb5 61.Nc5 Rd1 62.Rxb5  1-0

[Event "39th Open"]
[Site "Mar del Plata ARG"]
[Date "2008.03.21"]
[Round "8"]
[White "Martin,Lu"]
[Black "Alpern,A"]
[Result "0-1"]
[WhiteElo "1960"]
[BlackElo "2187"]

1.Nf3 Nf6 2.c4 g6 3.Nc3 c5 4.e3 Bg7 5.d4 cxd4 6.exd4 d5 7.Ne5 O-O 8.Be3 Nc6
9.Be2 dxc4 10.Nxc6 bxc6 11.Bxc4 Bg4 12.f3 Bf5 13.Qd2 Nd5 14.Rd1 Nxe3 15.Qxe3 Qb6
16.Rd2 e5 17.Ne4 exd4 18.Qb3 Qa5 19.Kd1 Qc7 20.Nc5 Rab8 21.Qa3 Qf4 22.Re2 Bh6
23.b3 d3 24.Nxd3 Qd4 25.Qb2 Qd6 26.Kc2 Rfd8 27.Qc3 Qd4  0-1

[Event "ch-TUR"]
[Site "Ankara TUR"]
[Date "2008.03.24"]
[Round "2"]
[White "Atalik,S"]
[Black "Erdogan,H"]
[Result "1-0"]
[WhiteElo "2597"]
[BlackElo "2282"]

1.Nf3 c5 2.c4 Nf6 3.Nc3 e6 4.g3 Nc6 5.Bg2 Qb6 6.O-O Be7 7.b3 d6 8.Bb2 O-O
9.e3 e5 10.h3 h6 11.d4 cxd4 12.exd4 Nxd4 13.Nxd4 Qxd4 14.Qxd4 exd4 15.Nb5 d3
16.Rad1 Bf5 17.Rfe1 Bd8 18.Nxd6 Bg6 19.Nxb7 Bc7 20.Re7 Rac8 21.Bf1 Rfe8 22.Rxe8+ Rxe8
23.Bxd3 Bxd3 24.Rxd3 Re2 25.Bxf6 gxf6 26.Rd7 Be5 27.Nd8 Rxa2 28.Nxf7 Bc3
29.Nxh6+ Kf8 30.c5 Ke8 31.c6 Ra6 32.Rd6  1-0

[Event "Spring Open"]
[Site "Belgrade SCG"]
[Date "2008.03.26"]
[Round "2"]
[White "Nenezic,Z"]
[Black "Petrovic,Pe"]
[Result "0-1"]
[WhiteElo "1946"]
[BlackElo "2110"]

1.c4 c5 2.Nc3 Nf6 3.Nf3 d5 4.cxd5 Nxd5 5.g3 Nc6 6.Nxd5 Qxd5 7.Bg2 e5 8.d3 Be7
9.O-O Qd8 10.b3 O-O 11.Bb2 f6 12.Rc1 Bg4 13.h3 Be6 14.Ba3 Qa5 15.Bb2 Qxa2
16.Qd2 Qxb3 17.Rb1 Qa4 18.Ra1 Qb4 19.Bc3 Qb6 20.Nh4 Qc7 21.e4 Rfd8 22.Rfd1 Qd7
23.g4 g6 24.Qb2 Rab8 25.f4 exf4 26.Nf3 Nd4 27.Rxa7 Nb5 28.Raa1 Nxc3 29.Qxc3 b5
30.d4 b4 31.Qc1 b3 32.Qxf4 b2 33.Rab1 cxd4 34.Kh1 d3 35.Bf1 Rb3  0-1

[Event "Internatonal Open"]
[Site "Sydney AUS"]
[Date "2008.03.28"]
[Round "7"]
[White "De Ramos,Jo"]
[Black "Goldenberg,I"]
[Result "1/2-1/2"]
[WhiteElo "2256"]
[BlackElo "2395"]

1.c4 c5 2.Nf3 Nf6 3.Nc3 e6 4.d4 cxd4 5.Nxd4 Nc6 6.Ndb5 d5 7.Bf4 e5 8.cxd5 exf4
9.dxc6 bxc6 10.Qxd8+ Kxd8 11.Nd4 Bd7 12.g3 fxg3 13.hxg3 Bc5 14.Rd1 Ke7 15.Bg2 Rab8
16.Nb3 Bb4 17.O-O Rhc8 18.Rc1 g5 19.Rfd1 h5 20.Ne4 Nxe4 21.Bxe4 Bd6 22.Rd2 Rb4
23.Bg2 Be5 24.Rc5 f6 25.Ra5 Rc7 26.e3 Rb5 27.Rc2 Bd6 28.Bf1 Rxa5 29.Nxa5 Bf5
30.Rxc6 Be4 31.Rxc7+ Bxc7 32.Nb3 Bd5 33.Nd4 Bxa2 34.Nc6+ Kd6 35.Nxa7 Kc5
36.Nb5 Be5 37.Nc3 Bd5 38.f4 Bb8 39.Bg2 Be6 40.Ne4+ Kc4 41.Nxf6 h4 42.Bf1+ Kb4
43.Ne4 Ba7 44.Nxg5 Bxe3+ 45.Kh2 hxg3+ 46.Kxg3 Bf5 47.Kf3 Bc1 48.Bh3 Bxf4  1/2-1/2

[Event "FKB ch-USA Qualifier"]
[Site "Tulsa USA"]
[Date "2008.03.28"]
[Round "1"]
[White "Kraai,J"]
[Black "Wheeler,Je"]
[Result "1-0"]
[WhiteElo "2510"]
[BlackElo "2135"]

1.Nf3 c5 2.c4 Nf6 3.Nc3 e6 4.g3 b6 5.Bg2 Bb7 6.O-O Be7 7.d4 cxd4 8.Qxd4 Nc6
9.Qf4 Qb8 10.Rd1 O-O 11.Qxb8 Raxb8 12.Bf4 Rbc8 13.Nb5 d5 14.Nd6 Bxd6 15.Bxd6 Rfd8
16.cxd5 Nxd5 17.Ba3 Ba6 18.Bf1 Ndb4 19.Rxd8+ Rxd8 20.Rc1 h6 21.Ne5 Nxe5 22.Bxb4 Rd7
23.f3 f5 24.Kf2 Kf7 25.Bc3 Ng6 26.Bg2 Ne7 27.Rc2 Nd5 28.Rd2 Bb5 29.Be5 Nb4
30.Rxd7+ Bxd7 31.a3 Nc6 32.Bc3 g5 33.e3 Ne7 34.Bf1 Bc6 35.h3 Bd5 36.g4 Bb3
37.Bb5 Bd5 38.Bd3 Bb7 39.Be5 Nc6 40.Bd6 Bc8 41.b4 a6 42.a4 Ne7 43.Bc4 Bd7
44.a5 bxa5 45.bxa5 Bc8 46.Bb4 Nc6 47.Bc3 Kg6 48.Bd3 h5 49.Kg3 Ne7 50.e4 h4+
51.Kf2 Nc6 52.exf5+ exf5 53.Ke3 Kf7 54.Bxf5 Ne7 55.Bxc8 Nxc8 56.Kd4 Ke6 57.Bd2  1-0

[Event "Sozina Open"]
[Site "Bar MNE"]
[Date "2008.03.29"]
[Round "1"]
[White "Arsovic,Z"]
[Black "Milanovic,Sla"]
[Result "1/2-1/2"]
[WhiteElo "2467"]
[BlackElo "2329"]

1.Nf3 Nf6 2.c4 c5 3.Nc3 e6 4.e3 Nc6 5.d4 d5 6.a3 cxd4 7.exd4 Ne4 8.Bd3 Nxc3
9.bxc3 dxc4 10.Bxc4 Be7 11.O-O O-O 12.Re1 Qa5 13.Re3 Rd8 14.Qe2 Bf8 15.Rb1 a6
16.h4 Qh5 17.Re4 h6 18.Bd3 b5 19.a4 bxa4 20.c4 f5 21.Re3 Nb4 22.Ba3 a5 23.Re5 Nc6
24.Bxf8 Nxe5 25.Qxe5 Rxf8 26.d5 Qf7 27.d6 Bd7 28.c5 Qf6 29.Bc4 Rab8 30.Rc1 Rfc8
31.Ba6 Rc6 32.Bc4 Rb4 33.Qe3  1/2-1/2

[Event "ch-TUR"]
[Site "Ankara TUR"]
[Date "2008.03.30"]
[Round "8"]
[White "Atalik,S"]
[Black "Ataman,A"]
[Result "1-0"]
[WhiteElo "2597"]
[BlackElo "2209"]

1.c4 Nf6 2.Nc3 c5 3.Nf3 g6 4.d4 cxd4 5.Nxd4 Bg7 6.e4 d6 7.Be2 O-O 8.O-O Nc6
9.Be3 Bd7 10.Qd2 Nxd4 11.Bxd4 Bc6 12.f3 a5 13.Rab1 Nd7 14.Be3 Nc5 15.Kh1 Qb6
16.Rfc1 Rfc8 17.Bg5 Qd8 18.b3 Qf8 19.Nd5 Bxd5 20.exd5 h6 21.Be3 Kh7 22.Bd3 Bf6
23.Rf1 Qg7 24.f4 Bc3 25.Qd1 f5 26.Bc2 h5 27.Rf3 Rf8 28.a3 Rac8 29.Qe2 Rc7
30.Rh3 Kg8 31.b4 axb4 32.axb4 Nd7 33.Ba4 Bf6 34.Bxd7 Rxd7 35.Bb6 e5 36.dxe6 Re7
37.Rd1 Bc3 38.b5 Bb4 39.Bd4 Qh6 40.Rb3 Bc5 41.g3 Rfe8 42.Re3 h4 43.gxh4 Qxf4
44.Bxc5 dxc5 45.h5 Rg7 46.Rf1 Qg4 47.Qxg4 fxg4 48.hxg6 Rxg6 49.e7 Rg7 50.Rfe1 Kh7
51.Kg2 b6 52.Re6 Rf7 53.R1e4 Rg7 54.Kg3 Kh8 55.Rxb6  1-0

[Event "Sozina Open"]
[Site "Bar MNE"]
[Date "2008.03.30"]
[Round "3"]
[White "Katanic Vujic,P"]
[Black "Rajkovic,Du"]
[Result "0-1"]
[WhiteElo "2320"]
[BlackElo "2494"]

1.Nf3 Nf6 2.c4 c5 3.Nc3 b6 4.e4 d6 5.d4 cxd4 6.Nxd4 Bb7 7.f3 e6 8.Be2 Be7
9.Be3 O-O 10.O-O a6 11.Qd2 Re8 12.Rfd1 Qc7 13.Bf1 Nbd7 14.a4 Rac8 15.a5 bxa5
16.Nb3 d5 17.cxd5 Bd6 18.g3 exd5 19.Nxa5 Ba8 20.Bxa6 Ne5 21.Rf1 Bb4 22.Bxc8 dxe4
23.Qd4 Bxa5 24.Nb5 Qc2 25.Rac1 Qe2 26.Nd6 Nxf3+ 27.Rxf3 exf3 28.Bf2 Rd8 29.Bf5 Qa6
30.Rc8 Rxc8 31.Bxc8 Qc6 32.Bh3 h5 33.Nf5 Kh7 34.Ne7 Qc1+ 35.Bf1 Be1 36.Be3 Qa1
37.Bd3+ g6 38.Bf1 Ng4  0-1

[Event "ch-SRB w"]
[Site "Kac SRB"]
[Date "2008.03.30"]
[Round "2"]
[White "Stojanovic,An"]
[Black "Urosevic,M"]
[Result "1-0"]
[WhiteElo "2310"]
[BlackElo "2114"]

1.Nf3 Nf6 2.c4 c5 3.Nc3 e6 4.g3 b6 5.Bg2 Bb7 6.O-O Be7 7.d4 cxd4 8.Qxd4 d6
9.Bg5 Nbd7 10.Nb5 d5 11.cxd5 Bxd5 12.Rac1 O-O 13.Nc3 Bb7 14.Rfd1 Bc5 15.Qh4 Qe7
16.b4 Bxb4 17.Rxd7 Qxd7 18.Qxb4 Nd5 19.Rd1 Qc7 20.Nxd5 Bxd5 21.a3 Qc2 22.Qd2 Qa4
23.Ra1 Rfc8 24.Qb4 Qa6 25.Bf1 Qb7 26.Nd2 a5 27.Qd4 Qc7 28.e4 Bb7 29.Nc4 Ra6
30.Nd6  1-0

[Event "K41 Scandinavian Open"]
[Site "Valby DEN"]
[Date "2008.04.01"]
[Round "5"]
[White "Schandorff,L"]
[Black "Danielsen,Hen"]
[Result "1/2-1/2"]
[WhiteElo "2526"]
[BlackElo "2506"]

1.Nf3 Nf6 2.c4 c5 3.Nc3 g6 4.g3 Nc6 5.d4 cxd4 6.Nxd4 d6 7.Bg2 Bd7 8.O-O Bg7
9.Nc2 Qc8 10.b3 Bh3 11.Bb2 Bxg2 12.Kxg2 Ne4 13.Qd3 Ng5 14.f4 Qh3+ 15.Kh1 Ne6
16.Qf3 h5 17.Rab1 g5 18.e3 O-O-O 19.Nd5 Bxb2 20.Rxb2 Rdg8 21.Qg2 Qxg2+ 22.Kxg2 Kd7
23.b4 h4 24.Ne1 hxg3 25.hxg3 gxf4 26.exf4 Ncd4 27.f5 Ng7 28.Nxe7 Kxe7 29.f6+ Ke6
30.fxg7 Rxg7 31.Rf4 Nc6 32.Re2+ Ne5 33.Nf3 Rhg8 34.Nd4+ Kd7 35.Nf5 Rg5 36.Rf1 f6
37.c5 dxc5 38.Rd2+ Kc7 39.bxc5 Rh8 40.Rf4 Ng6 41.Rff2 Ne5 42.Rf4 Rhg8 43.Rdd4 a6
44.Kf2 Rh8 45.Kg2 Nd7 46.Rc4 Re8 47.Rc2 Re1 48.Nd4 Re3 49.Nf3 Rxc5 50.Rd2 Rcc3
51.Kf2 Nc5 52.Kg2 Ne4 53.Rd4 Rc2+ 54.Kh3 Nf2+ 55.Kh4 Rc1 56.g4 b5 57.Kg3 Rc2
58.Kh4 Rcc3 59.Kg3 Rc2 60.Kh4 Rxa2 61.Rxf6 Ne4 62.Rf4 Nc5 63.Rf7+ Kb6 64.g5 Rg2
65.Rg4 Re4 66.Rf6+ Ka5 67.Rxe4 Nxe4 68.Re6 Rf2 69.Rxe4 Rxf3 70.g6 Rf8 71.Kg5 b4
72.Re1 Kb5 73.g7 Rg8 74.Kf6 a5 75.Kf7 Rxg7+ 76.Kxg7 b3 77.Kf6 a4 78.Ke5 Kc4
79.Re4+ Kc3 80.Rxa4 b2 81.Ra3+ Kb4 82.Ra8 Kc4 83.Ra4+ Kc5 84.Ra8 Kb5 85.Kd4 Kb4
86.Re8 Kb3  1/2-1/2

[Event "Sozina Open"]
[Site "Bar MNE"]
[Date "2008.04.02"]
[Round "6"]
[White "Rajkovic,Du"]
[Black "Milanovic,Sla"]
[Result "1/2-1/2"]
[WhiteElo "2494"]
[BlackElo "2329"]

1.Nf3 Nf6 2.c4 c5 3.Nc3 e6 4.g3 b6 5.Bg2 Bb7 6.O-O a6 7.d4 cxd4 8.Qxd4 d6
9.Rd1 Qc7 10.Ng5 Bxg2 11.Kxg2 Be7 12.Nge4 Nxe4 13.Nxe4 O-O 14.Be3 Nd7 15.Rac1 Rfd8
16.Kh1 Nc5 17.Bg5 Nxe4 18.Bxe7 Qxe7 19.Qxe4 b5 20.Qc6 bxc4 21.Rxc4 d5 22.Rc2 g6
23.Rdc1 a5 24.Rc5 a4 25.Rb5 Qe8 26.Rb4 Qxc6 27.Rxc6 Rdb8 28.Rcb6 Rxb6 29.Rxb6 Rc8
30.a3 Kg7 31.e3 Rc1+ 32.Kg2 h5 33.h4 Kf6 34.Rb4 Rc2  1/2-1/2

[Event "TCh-RUS Major League"]
[Site "Dagomys RUS"]
[Date "2008.04.04"]
[Round "2"]
[White "Belikov,V"]
[Black "Mozharov,M"]
[Result "1/2-1/2"]
[WhiteElo "2554"]
[BlackElo "2449"]

1.Nf3 c5 2.c4 Nf6 3.Nc3 b6 4.e4 d6 5.d4 cxd4 6.Nxd4 Bb7 7.Qe2 e6 8.g4 Nc6
9.Nxc6 Bxc6 10.g5 Nd7 11.h4 Be7 12.Be3 Nc5 13.f3 O-O 14.Bh3 a6 15.Kf2 b5
16.cxb5 axb5 17.b4 Na4 18.Nxb5 d5 19.Nd4  1/2-1/2

[Event "TCh-RUS w"]
[Site "Dagomys RUS"]
[Date "2008.04.04"]
[Round "3"]
[White "Muzychuk,M"]
[Black "Malgina Sterliagova,T"]
[Result "1-0"]
[WhiteElo "2387"]
[BlackElo "2352"]

1.c4 c5 2.Nf3 Nf6 3.Nc3 d5 4.cxd5 Nxd5 5.e4 Nxc3 6.dxc3 Qxd1+ 7.Kxd1 Nc6
8.Be3 e6 9.Kc2 Be7 10.a4 Bd7 11.Be2 O-O 12.Rhd1 Rfd8 13.Nd2 Na5 14.Bb5 Kf8
15.Nb3 Nxb3 16.Kxb3 Be8 17.Kc4 Rac8 18.Rxd8 Rxd8 19.a5 f6 20.Bxe8 Kxe8 21.b3 Rd7
22.Kb5 Kd8 23.a6 b6 24.b4 Rc7 25.Bf4 Rd7 26.Be3 Rc7 27.Rd1+ Kc8 28.Bf4 e5
29.Be3 cxb4 30.cxb4 Rc2 31.Bxb6 axb6 32.a7 Ra2 33.Kxb6 Bxb4 34.Rc1+ Kd7 35.Rc7+ Kd6
36.Rc8 Rxa7 37.Kxa7 Bc5+ 38.Kb7 Bxf2 39.Rc6+ Ke7 40.Rc7+ Ke6 41.g4 h6 42.Rxg7 Be3
43.Kc6 Bg5 44.h3 Bh4 45.Rh7 Bg5 46.Kc7 Bf4 47.h4 Be3 48.Kd8  1-0

[Event "IX Dos Hermanas Internet"]
[Site "ICC INT"]
[Date "2008.04.05"]
[Round "5.3"]
[White "Sammour Hasbun,J"]
[Black "Har Zvi,R"]
[Result "1-0"]
[WhiteElo "2463"]
[BlackElo "2512"]

1.c4 c5 2.Nc3 Nf6 3.Nf3 b6 4.g3 Bb7 5.Bg2 e6 6.O-O Be7 7.e3 O-O 8.Qe2 d5
9.cxd5 Nxd5 10.d4 Ba6 11.Nb5 Nc6 12.a4 cxd4 13.exd4 Rc8 14.Rd1 Bf6 15.h4 h6
16.Ne5 Qe7 17.Ng4 Rfd8 18.Be3 Qb4 19.Bxd5 Rxd5 20.Nxf6+ gxf6 21.Rac1 Kh7
22.Rc4 Qb3 23.Rdc1 Ne7 24.R1c3 Bxb5 25.axb5 Qa2 26.Qc2+ Kg7 27.Rxc8 Nxc8
28.Rxc8 Rxb5 29.Bxh6+  1-0

[Event "Gausdal Classics GMB"]
[Site "Gausdal NOR"]
[Date "2008.04.08"]
[Round "1"]
[White "Eriksen,T"]
[Black "Womacka,M"]
[Result "1-0"]
[WhiteElo "2170"]
[BlackElo "2445"]

1.Nf3 c5 2.c4 Nf6 3.Nc3 e6 4.g3 b6 5.Bg2 Bb7 6.O-O Be7 7.d4 cxd4 8.Qxd4 d6
9.b3 O-O 10.Ba3 Na6 11.Ng5 Bxg2 12.Kxg2 Nc5 13.Nge4 Qc7 14.Nxc5 bxc5 15.Qd3 Rfd8
16.Rfd1 Rac8 17.Bb2 d5 18.cxd5 exd5 19.Qf3 Qc6 20.Rd3 Rd7 21.Rad1 Rcd8 22.Kg1 h6
23.e3 Ne4 24.Nxe4 dxe4 25.Qg4 Rd4 26.Bxd4  1-0

[Event "FSGM April"]
[Site "Budapest HUN"]
[Date "2008.04.11"]
[Round "7"]
[White "Nguyen Huynh Minh Huy"]
[Black "Brunello,S"]
[Result "1-0"]
[WhiteElo "2482"]
[BlackElo "2475"]

1.Nf3 Nf6 2.c4 e6 3.Nc3 c5 4.g3 b6 5.Bg2 Bb7 6.O-O d5 7.cxd5 Nxd5 8.d4 Nd7
9.Bg5 Be7 10.Bxe7 Qxe7 11.Nxd5 Bxd5 12.dxc5 bxc5 13.Nd2 Bxg2 14.Kxg2 O-O
15.Rc1 Rfd8 16.Qc2 Nb6 17.b3 Qb7+ 18.Kg1 Rac8 19.Rfd1 h6 20.Nc4 Nd5 21.Qb2 Qa6
22.Rd2 Nb6 23.Nd6 Rc6 24.Nf5  1-0

[Event "TCh-RUS w"]
[Site "Dagomys RUS"]
[Date "2008.04.11"]
[Round "9"]
[White "Ushenina,A"]
[Black "Zaiatz,E"]
[Result "1/2-1/2"]
[WhiteElo "2474"]
[BlackElo "2366"]

1.Nf3 Nf6 2.c4 e6 3.Nc3 c5 4.g3 Nc6 5.Bg2 Be7 6.O-O d5 7.cxd5 Nxd5 8.d4 cxd4
9.Nxd5 exd5 10.Nxd4 O-O 11.Be3 Be6 12.Rc1 Qd7 13.Nxc6 bxc6 14.Bc5 Rfb8 15.b3 Bf6
16.Bd4 Be7 17.Bc5 Bf6 18.Re1 a5 19.e4 a4 20.e5 Bg5 21.f4 Be7 22.Bxe7 Qxe7
23.Rxc6 axb3 24.axb3 Ra2 25.Rc2 Rxc2 26.Qxc2 Qb4 27.Rd1 Rc8 28.Qd3 Rc3 29.Qd4 Qxd4+
30.Rxd4 Rxb3 31.Bxd5 Rb1+ 32.Kg2 Rb2+ 33.Kf1 Rb1+ 34.Kf2 Rb2+ 35.Ke3 Rxh2
36.Rb4 Kf8 37.Bc6 g6 38.Rb8+ Kg7 39.Rb7 Kf8 40.Bd7 h5 41.Bxe6 fxe6 42.Rb3 Rh1
43.Kd4 h4 44.gxh4 Rxh4 45.Kc5 Rxf4 46.Rb8+ Ke7 47.Rb7+ Ke8 48.Kd6 Ra4 49.Re7+ Kf8
50.Rxe6 Ra6+ 51.Kd5 Rxe6 52.Kxe6 Ke8 53.Kf6 g5 54.Kxg5 Ke7 55.Kf5 Kf7 56.e6+ Ke7
57.Ke5 Ke8 58.Kd6 Kd8 59.e7+ Ke8 60.Ke6  1/2-1/2

[Event "FSGM April"]
[Site "Budapest HUN"]
[Date "2008.04.12"]
[Round "8"]
[White "Bui Vinh"]
[Black "Duong The Anh"]
[Result "1/2-1/2"]
[WhiteElo "2448"]
[BlackElo "2403"]

1.c4 Nf6 2.Nc3 c5 3.Nf3 g6 4.d4 cxd4 5.Nxd4 Nc6 6.e4 d6 7.Nc2 Bg7 8.Be2 O-O
9.O-O Be6 10.Bg5 a5 11.Rc1 a4 12.Kh1 Qa5 13.Bd2 Rfc8 14.f3 Nd7 15.Nd5 Qd8
16.Rb1 Bxd5 17.exd5 Nd4 18.Nxd4 Bxd4 19.Bg5 Bf6 20.Be3 Qa5 21.f4 Qb4 22.Qe1 Rxc4
23.Bxc4 Qxc4 24.a3 Qxd5 25.Qb4 Ra5 26.Rfd1 Qb5 27.b3 Qa6 28.bxa4 Rxa4 29.Qxb7 Rxa3
30.Qxd7 Rxe3 31.Qe8+ Kg7 32.Rb8 Bc3 33.Qh8+ Kh6 34.Qf8+ Bg7 35.Qxf7 Qd3 36.Rbb1 Qe4
37.Rg1 d5 38.Rbf1 d4 39.Qc4 Bf6 40.Rf2 Kg7 41.Rgf1 Rc3 42.Qe2 Re3 43.Qc4 Rc3
44.Qe2  1/2-1/2

[Event "6th V.Nabokov Mem"]
[Site "Kyiv UKR"]
[Date "2008.04.13"]
[Round "11"]
[White "Baryshpolets,A"]
[Black "Matorin,E"]
[Result "1-0"]
[WhiteElo "2409"]
[BlackElo "2286"]

1.Nf3 Nf6 2.c4 c5 3.Nc3 d5 4.cxd5 Nxd5 5.d4 Nxc3 6.bxc3 g6 7.e3 Bg7 8.Be2 O-O
9.O-O b6 10.a4 Nc6 11.Ba3 cxd4 12.exd4 Qc7 13.Re1 Bf6 14.Nd2 Bf5 15.Bf3 Rac8
16.Nf1 Na5 17.Ne3 Be6 18.d5 Rfd8 19.Qe2 Bd7 20.d6 Qb8 21.Nd5 Bg5 22.Qe5 f6
23.Qxe7 Bc6 24.Nxf6+ Bxf6 25.Qxf6 Rf8 26.Qe6+ Rf7 27.Bxc6 Rxc6 28.Qd5 Kg7
29.c4 Qb7 30.Bb2+ Kh6 31.Ra3 Rf5 32.Rh3+ Kg5 33.f4+  1-0

[Event "Gausdal Classics GMB"]
[Site "Gausdal NOR"]
[Date "2008.04.15"]
[Round "8"]
[White "Vidoniak,R"]
[Black "Hirneise,T"]
[Result "1-0"]
[WhiteElo "2400"]
[BlackElo "2382"]

1.Nf3 c5 2.c4 Nf6 3.Nc3 b6 4.e4 d6 5.d4 cxd4 6.Nxd4 Bb7 7.f3 e6 8.Be3 Be7
9.Be2 a6 10.O-O Nbd7 11.a4 O-O 12.a5 bxa5 13.Nb3 Rb8 14.Nxa5 Ba8 15.Qd2 Qc7
16.Rfc1 Ne5 17.Na4 Bd8 18.b4 Qd7 19.c5 dxc5 20.Nxc5 Qxd2 21.Bxd2  1-0

[Event "Gausdal Classics GMB"]
[Site "Gausdal NOR"]
[Date "2008.04.16"]
[Round "9"]
[White "Levin,F"]
[Black "Womacka,M"]
[Result "1-0"]
[WhiteElo "2546"]
[BlackElo "2445"]

1.Nf3 c5 2.c4 Nf6 3.Nc3 e6 4.g3 b6 5.Bg2 Bb7 6.O-O Be7 7.d4 cxd4 8.Qxd4 d6
9.Rd1 a6 10.Bg5 Nbd7 11.Qd2 O-O 12.Bf4 Ne8 13.Rac1 Qc7 14.b3 Rd8 15.Qe3 Nef6
16.Nd5 exd5 17.Qxe7 Rfe8 18.Qxd6 Qxd6 19.Bxd6 Rxe2 20.cxd5 Rxa2 21.Ne5 h5
22.Bc7 Re8 23.Nxd7 Nxd7 24.Bh3 Ree2 25.Bxd7 Rxf2 26.g4 Rg2+ 27.Kh1 hxg4 28.Bc6 Bc8
29.Bg3 Rgc2 30.d6 Rxc1 31.Rxc1 Rd2 32.Re1  1-0

[Event "4th Open"]
[Site "Rhone FRA"]
[Date "2008.04.17"]
[Round "8"]
[White "Simutowe,A"]
[Black "Horvath,Jo1"]
[Result "1/2-1/2"]
[WhiteElo "2464"]
[BlackElo "2542"]

1.c4 c5 2.Nf3 Nf6 3.Nc3 e6 4.g3 b6 5.e4 Bb7 6.Qe2 Nc6 7.Bg2 d6 8.O-O g6 9.Rd1 e5
10.d3 Bg7 11.a3 O-O 12.Rb1 Nd4 13.Nxd4 exd4 14.Nd5 Nxd5 15.exd5 Re8 16.Qc2 Bc8
17.Bd2 Bg4 18.Re1 Qd7 19.f3 Bh3 20.Bxh3 Qxh3 21.Rxe8+ Rxe8 22.Re1 Rxe1+ 23.Bxe1 h5
24.Qd2 h4 25.Qf4 hxg3 26.hxg3 Qd7  1/2-1/2

[Event "IX EICC"]
[Site "Plovdiv BUL"]
[Date "2008.04.22"]
[Round "2"]
[White "Kobalia,M"]
[Black "Margvelashvili,G"]
[Result "1/2-1/2"]
[WhiteElo "2627"]
[BlackElo "2455"]

1.c4 Nf6 2.Nc3 c5 3.Nf3 e6 4.d4 cxd4 5.Nxd4 a6 6.e4 Qc7 7.a3 b6 8.Be3 Bb7
9.f3 Be7 10.Be2 O-O 11.Rc1 d6 12.O-O Nbd7 13.Qd2 Rac8 14.b4 Qb8 15.Rc2 Bd8
16.Kh1 Re8 17.Bg1 h5 18.Bf2 Bc7 19.Bg3 Nf8 20.Bh4 Bd8 21.Bg3 Bc7 22.Bh4 Bd8
23.Bg3 Bc7  1/2-1/2

[Event "IX EICC"]
[Site "Plovdiv BUL"]
[Date "2008.04.22"]
[Round "2"]
[White "Bindrich,F"]
[Black "Beckhuis,G"]
[Result "1-0"]
[WhiteElo "2513"]
[BlackElo "2350"]

1.Nf3 Nf6 2.c4 c5 3.Nc3 e6 4.e4 d5 5.exd5 exd5 6.cxd5 Nxd5 7.Bb5+ Nc6 8.O-O Be6
9.Qa4 Qc7 10.Ng5 O-O-O 11.Nxe6 fxe6 12.Qg4 Nd4 13.Bc4 h5 14.Qd1 Bd6 15.h3 g5
16.d3 g4 17.h4 Rhf8 18.Ne4 Bh2+ 19.Kh1 Bf4 20.g3 Be5 21.Bg5 Rd7 22.Rc1 Kb8
23.a3 Qb6 24.b4 cxb4 25.axb4 Rc8 26.Qa4 Rdc7 27.b5 Ne2 28.Rce1 Nec3 29.Qb3 Nxe4
30.Rxe4 Bd4 31.Bxd5 exd5 32.Qxd5 Bxf2 33.Bf4 Bc5 34.Re6  1-0

[Event "26th Metz Open"]
[Site "Metz St Symphorien FRA"]
[Date "2008.04.23"]
[Round "5"]
[White "Feller,S"]
[Black "Spraggett,K"]
[Result "1/2-1/2"]
[WhiteElo "2540"]
[BlackElo "2591"]

1.Nf3 Nf6 2.c4 e6 3.Nc3 c5 4.d4 cxd4 5.Nxd4 a6 6.g3 d6 7.Bg2 Be7 8.O-O O-O
9.e4 Qc7 10.Be3 Nbd7 11.Rc1 Ne5 12.b3 Bd7 13.h3 Rfe8 14.g4 h6 15.f4 Ng6 16.g5 hxg5
17.fxg5 Nh7 18.Qh5 Bxg5 19.Bxg5 Qc5 20.Rxf7 Kxf7 21.Nd5 Nxg5 22.Rf1+ Kg8
23.Nf6+ gxf6 24.Qxg6+ Kh8 25.Qxf6+ Kg8 26.Qg6+ Kh8 27.Qf6+  1/2-1/2

[Event "IX EICC"]
[Site "Plovdiv BUL"]
[Date "2008.04.23"]
[Round "3"]
[White "Logothetis,S"]
[Black "Filip,L"]
[Result "1/2-1/2"]
[WhiteElo "2291"]
[BlackElo "2459"]

1.Nf3 c5 2.c4 Nf6 3.Nc3 e6 4.g3 b6 5.Bg2 Bb7 6.O-O Be7 7.d4 cxd4 8.Qxd4 d6
9.Bg5 a6 10.Rfd1 Nbd7 11.Qd2 O-O 12.Bf4 Ne8 13.Rac1 Rc8 14.b3 h6 15.e4 Qc7
16.Qe2 Nef6 17.Nd2 Ne5 18.h3 Rfe8 19.Be3 Ned7 20.Bf4 Qb8 21.h4 Ne5 22.b4 Rc6
23.a3 Rec8 24.Bxe5 dxe5 25.Bf1 Re8 26.Nb3 Bd8  1/2-1/2

[Event "26th Metz Open"]
[Site "Metz St Symphorien FRA"]
[Date "2008.04.24"]
[Round "6"]
[White "Lalic,B"]
[Black "Marzolo,C"]
[Result "1-0"]
[WhiteElo "2514"]
[BlackElo "2476"]

1.Nf3 Nf6 2.c4 c5 3.Nc3 b6 4.g3 Bb7 5.Bg2 g6 6.O-O Bg7 7.d4 cxd4 8.Qxd4 d6
9.Be3 Nbd7 10.Rac1 Rc8 11.b3 a6 12.Rfd1 O-O 13.Qh4 Rc7 14.Bh3 Qb8 15.g4 Qa8
16.g5 Ne4 17.Nxe4 Bxe4 18.Nd2 Bc6 19.Bxd7 Rxd7 20.Bxb6 d5 21.cxd5 Rxd5 22.Nc4 Rf5
23.Bd4 f6 24.gxf6 exf6 25.Be3 Rh5 26.Qg3 Qe8 27.Nd6 Qa8 28.Qg4 Re5 29.Qc4+ Bd5
30.Qc8 Rxc8 31.Rxc8+ Qxc8 32.Nxc8 Bc6 33.Rd8+ Kf7 34.Nb6 Re7 35.Kf1 g5 36.Rc8 Be4
37.Bc5 Re6 38.f3 Bb1 39.Rc7+ Kg6 40.Nd5 f5 41.Ne7+ Kh6 42.Ng8+ Kg6 43.Ne7+ Kh6
44.e4 fxe4 45.Nf5+ Kg6 46.Nxg7 Rf6 47.Ne8 Rxf3+ 48.Ke1 Bxa2 49.b4 Bd5 50.Rg7+ Kf5
51.Rxh7 Ra3 52.Rd7 Ke5 53.Re7+ Kf4 54.Nf6 Bc6 55.Nh5+ Kg4 56.Ng3 a5 57.Re6 Bb7
58.b5 Rc3 59.Be7 Ba8 60.Nxe4 Rc4 61.Nf2+ Kf3  1-0

[Event "26th Metz Open"]
[Site "Metz St Symphorien FRA"]
[Date "2008.04.24"]
[Round "6"]
[White "Sulava,N"]
[Black "Eingorn,V"]
[Result "1/2-1/2"]
[WhiteElo "2479"]
[BlackElo "2557"]

1.Nf3 c5 2.c4 b6 3.Nc3 Nf6 4.e3 g6 5.d4 Bg7 6.d5 d6 7.e4 O-O 8.Bd3 a6 9.O-O e6
10.Re1 Ra7 11.Bd2 Re7 12.h3 Nbd7 13.a4 exd5 14.cxd5 Ne8 15.Kh1 f6 16.Nh2 Ne5
17.Bb1 f5 18.f4 Nf7 19.exf5 Rxe1+ 20.Bxe1 gxf5 21.Bd3 Nh8 22.Nf3 Ng6 23.Bd2 h6  1/2-1/2

[Event "IX EICC"]
[Site "Plovdiv BUL"]
[Date "2008.04.24"]
[Round "4"]
[White "Steingrimsson,H"]
[Black "Macak,S"]
[Result "1/2-1/2"]
[WhiteElo "2551"]
[BlackElo "2342"]

1.Nf3 Nf6 2.c4 c5 3.Nc3 b6 4.e4 d6 5.d4 cxd4 6.Nxd4 Bb7 7.f3 e6 8.Be2 Be7
9.O-O O-O 10.Be3 a6 11.Qd2 Nbd7 12.Rfd1 Rc8 13.Rac1 Qc7 14.Kh1 Qb8 15.a3 Rfe8
16.b4 Bd8 17.Nb3 Bc7 18.Bf4 Ne5 19.Bxe5 dxe5 20.Qe3 Bc6 21.c5 b5 22.Rc2 Red8
23.Bd3 Rd7 24.Rcd2 Rcd8 25.Kg1 Nh5 26.Bc2 g6 27.Kf1 Qa8 28.Rxd7 Rxd7 29.Rxd7 Bxd7
30.Qd2 Bc6 31.Ke1 f5 32.Kd1 Nf6 33.Qe3 Qd8+ 34.Kc1 Nd7 35.Qh6 Qf6 36.Kb2 f4
37.Nd2 Nb8 38.g4 Qd8 39.Nb3 Be8 40.Qh3 Nc6 41.g5 Bf7 42.Qg2 Nd4 43.Nc1 Be8
44.Bb3 Nxb3 45.Kxb3 Qd4 46.Kc2 Bd8 47.Nb3 Qd7 48.Nc1 Qe7 49.h4 h6 50.Nd3 hxg5
51.Qxg5 Qxg5 52.hxg5 Bxg5 53.Nxe5 Bf6 54.Ng4 Bg7 55.Ne2 g5 56.Nc1 Bd4 57.Nd3 Kf8
58.Nde5 Ke7 59.Kb3 Kd8 60.Kc2 Kc8 61.Kb3 Kc7 62.Kc2 a5 63.Kb3 a4+ 64.Kc2 Bh5
65.Kc1 Be8 66.Kc2 Bh5 67.Kc1 Be8 68.Kc2 Bh5 69.Kd3  1/2-1/2

[Event "IX EICC"]
[Site "Plovdiv BUL"]
[Date "2008.04.25"]
[Round "5"]
[White "Butnorius,A"]
[Black "Kourousis,E"]
[Result "1-0"]
[WhiteElo "2442"]
[BlackElo "2191"]

1.Nf3 c5 2.c4 Nf6 3.Nc3 b6 4.e4 d6 5.d4 cxd4 6.Nxd4 e6 7.Be2 Bb7 8.f3 Be7
9.O-O O-O 10.Be3 a6 11.Qd2 Nbd7 12.Rfd1 Rc8 13.Rac1 Qc7 14.Kh1 Qb8 15.Bf1 Bd8
16.Re1 Bc7 17.Rc2 Kh8 18.b4 Rg8 19.Na4 g5 20.c5 dxc5 21.bxc5 bxc5 22.Nxc5 Nxc5
23.Rxc5 g4 24.Qb2 Be5 25.Rxe5 Qxe5 26.Qxb7 gxf3 27.Nxf3 Qxe4 28.Qb2 Rg6 29.Bd3  1-0

[Event "IX EICC"]
[Site "Plovdiv BUL"]
[Date "2008.04.25"]
[Round "5"]
[White "Halkias,S"]
[Black "Beliavsky,A"]
[Result "1/2-1/2"]
[WhiteElo "2585"]
[BlackElo "2641"]

1.Nf3 Nf6 2.c4 e6 3.Nc3 c5 4.e3 b6 5.d4 cxd4 6.exd4 Bb7 7.Bd3 Be7 8.O-O d5
9.cxd5 Nxd5 10.Ne5 O-O 11.Qh5 g6 12.Qh3 Nc6 13.Bh6 Re8 14.Nf3 Ndb4 15.Be4 Na5
16.Rae1 Bxe4 17.Nxe4 Nac6 18.Nfg5 Nxd4 19.Nxh7 Nd5 20.Bg5 f6  1/2-1/2

[Event "IX EICC"]
[Site "Plovdiv BUL"]
[Date "2008.04.25"]
[Round "5"]
[White "Bindrich,F"]
[Black "Pelletier,Y"]
[Result "1/2-1/2"]
[WhiteElo "2513"]
[BlackElo "2607"]

1.Nf3 Nf6 2.c4 c5 3.Nc3 e6 4.g3 b6 5.Bg2 Bb7 6.O-O Be7 7.Re1 d5 8.cxd5 Nxd5
9.Nxd5 Qxd5 10.d4 cxd4 11.Qxd4 O-O 12.Bg5 Bxg5 13.Qxd5 Bxd5 14.Nxg5 Bxg2
15.Kxg2 Rd8 16.Rac1 Na6 17.Red1 h6 18.Nf3 Rxd1 19.Rxd1 Rc8 20.Rd7 Rc7 21.Rd8+ Kh7
22.Ra8 Nb4 23.a3 Nc6 24.b4 b5 25.g4 Kg6 26.Kg3 h5 27.h3 hxg4 28.hxg4 Kf6
29.e3 Ke7 30.Kf4 Rb7 31.g5 Rb8 32.Rxb8 Nxb8 33.Nd4 a6 34.Ke4 Kd6 35.f4 Nd7
36.Nf3 Nb6 37.Kd4 f6 38.e4 Nc4 39.gxf6  1/2-1/2